| 000 | 01070cam a2200337 i 4500 | ||
|---|---|---|---|
| 001 | 000020093 | ||
| 003 | DO-SdBNP | ||
| 005 | 20251118094251.0 | ||
| 007 | ta | ||
| 008 | 790517s2000 dr 000 d spa d | ||
| 020 | _a8481301671 | ||
| 040 |
_aDO-SdBNP _bspa _cBNPHU _erda |
||
| 041 | _aspa | ||
| 082 |
_a832.6 _bG599fa _222 |
||
| 100 | 1 |
_aGoethe, Johann Wolfgang Von, _d1749-1832 _eautor _912995 |
|
| 245 | 1 | 0 |
_aFausto / _cJohann W. Goethe ; traducción de Pedro Gálvez. |
| 264 |
_aSanto Domingo : _bEl Siglo, _c2000. |
||
| 300 |
_a232 páginas ; _c21 cm. |
||
| 336 |
_ardacontent _btexto _2txt |
||
| 337 |
_ardamedia _bsin mediación _2n |
||
| 338 |
_ardacarrier _bvolumen _2nc |
||
| 490 | 1 |
_aJoyas del milenio _v6 |
|
| 534 |
_aTítulo original: Faust _cBarcelona : Bibliotex, 2000. |
||
| 590 | _aInventariado, 2018/ YL | ||
| 650 | 4 |
_aTeatro alemán _912996 |
|
| 650 | 4 |
_aLiteratura alemana _93274 |
|
| 700 | 1 |
_aGálvez, Pedro, _etraductor _942677 |
|
| 830 | 0 |
_aJoyas del milenio ; _v6 _922251 |
|
| 910 | _aValidado. Control de calidad WM | ||
| 942 |
_2ddc _cLBS1 |
||
| 999 |
_c19601 _d19601 |
||